Najlepsi zagraniczni gracze NBA - Statystyki

Ogólne statystyki
  • Ten quiz został rozwiązany 42 razy
  • Średni wynik to 7 z 25
Statystyki odpowiedzi
Punkty Państwo Zawodnik % Poprawnych
31 560 Niemcy Dirk Nowitzki
92%
14 139 Serbia Nikola Jokić
84%
11 470 Słowenia Luka Dončić
71%
18 502 Grecja Giannis Antetokounmpo
68%
20 894 Hiszpania Pau Gasol
68%
19 473 Francja Tony Parker
63%
26 946 Nigeria Hakeem Olajuwon
61%
14 043 Argentyna Manu Ginobili
39%
12 071 Kamerun Joel Embiid
32%
12 514 Hiszpania Marc Gasol
32%
17 387 Kanada Steve Nash
26%
15 370 Czarnogóra Nikola Vučević
24%
11 729 Demokratyczna Republika Konga Dikembe Mutombo
18%
13 647 Serbia Peja Stojakovic
13%
14 167 Dominikana Al Horford
11%
13 361 Sudan Luol Deng
11%
12 568 Słowenia Goran Dragic
8%
11 607 Włochy Danilo Gallinari
5%
15 761 Niemcy Detlef Schrempf
5%
24 815 Jamajka Patrick Ewing
3%
12 871 Holandia Rik Smits
3%
13 398 Serbia Vlade Divac
3%
13 091 Kanada Andrew Wiggins
0%
12 810 Bahamy Mychal Thompson
0%
17 623 Panama Rolando Blackman
0%
Nie znaleziono quizów pasujących do podanych kryteriów
Rozkład punktacji
Procent ludzi z każdym wynikiem
Percentyl według liczby udzielonych odpowiedzi
Twoja historia wyników
Nie rozwiązałeś tego quizu